| 000 | 01237nam a2200385 a 4500 | ||
|---|---|---|---|
| 005 | 20180803165359.0 | ||
| 008 | 140129b2007 ck ||||| |||| 00| 0 spa d | ||
| 041 | _aspa | ||
| 044 | _ack | ||
| 090 |
_aIAVH _b00981 |
||
| 100 |
_aCordoba, Sergio _94511 |
||
| 245 | _aCaracterización de la biodiversidad de cuatro áreas del Parque Nacional Natural Chingaza, Cundinamarca, Colombia | ||
| 260 |
_aBogotá _bInstituto Alexander von Humboldt _c2007 |
||
| 300 | _a187 p. | ||
| 650 |
_aAves _992429 |
||
| 650 |
_aPlantas _992294 |
||
| 650 |
_aInsectos _93535 |
||
| 650 |
_aPeces _992349 |
||
| 650 |
_aEscarabajos coprófagos _94177 |
||
| 650 |
_aHormigas _992499 |
||
| 650 |
_aMariposas _92344 |
||
| 650 |
_aInvenatrios _95659 |
||
| 650 |
_aCaracterización de biodiversidad _95660 |
||
| 662 |
_aColombia _cParque Nacional Natural Chingaza _bCundinamarca |
||
| 700 |
_aEcheverry, María Angela _95661 |
||
| 700 |
_aUmaña, Ana María _94536 |
||
| 700 |
_aQuintero , Ingrid _95662 |
||
| 700 |
_aIguera , Mónica _95663 |
||
| 700 |
_aPrieto, Adriana _95664 |
||
| 700 |
_aMendoza, Humberto _91986 |
||
| 700 |
_aVillarreal, Humberto _95665 |
||
| 700 |
_aRengifo, Juan Manuel _95666 |
||
| 942 |
_cCD-ROM _2z _09 |
||
| 945 | _d2008-09-02 | ||
| 999 |
_c6522 _d6522 |
||